[Event "40th World Junior Girls"]
[Site "Gandhinagar IND"]
[Date "2024.06.12"]
[Round "10.14"]
[White "Shanmathi Sree S"]
[Black "Mrudul, Dehankar"]
[Result "0-1"]
[BlackTitle "WIM"]
[WhiteElo "1854"]
[BlackElo "2028"]
[WhiteFideId "25966413"]
[BlackFideId "25096990"]
[EventDate "2024.06.02"]

1. e4 c6 2. d4 d5 3. e5 Bf5 4. g4 Be4 5. Nf3 e6 6. Nbd2 Bg6 7. Nb3 h5 8. g5 h4
9. Bd3 Ne7 10. h3 Nd7 11. Be3 Nf5 12. Rg1 Be7 13. Qd2 Qc7 14. Nc1 Nb6 15. Ne2 c5
16. c3 cxd4 17. cxd4 Nc4 18. Bxc4 Qxc4 19. a3 Nxe3 20. Qxe3 Qb5 21. Qd2 Rc8 22.
Nc3 Qc4 23. Nh2 Rc6 24. Ng4 Qb3 25. Ne3 Rb6 26. Ncd1 Kd7 27. Rc1 Qb5 28. f4 Be4
29. b4 Qa4 30. Rc3 a5 31. bxa5 Rb1 32. Kf2 Qxa5 33. Re1 Bxa3 34. Nc2 Bc1 35. Qe2
Bxf4 36. Ra3 Qb6 37. Nce3 Bg3+ 38. Kg1 Bxe1 39. Qxe1 Qxd4 40. Kf2 Rc8 41. Ra2
Qxe5 42. Qa5 Qg3+ 43. Ke2 Bf3+ 44. Kd2 Qh2+ 45. Kd3 Be4+ 0-1

[Event "40th World Junior Girls"]
[Site "Gandhinagar IND"]
[Date "2024.06.12"]
[Round "10.15"]
[White "Striskova, Lucia"]
[Black "Bristy, Mukherjee"]
[Result "0-1"]
[BlackTitle "WFM"]
[WhiteElo "2023"]
[BlackElo "1902"]
[WhiteFideId "14960958"]
[BlackFideId "25077325"]
[EventDate "2024.06.02"]

1. Nf3 Nf6 2. d4 d6 3. c4 Nbd7 4. b3 g6 5. Bb2 Bg7 6. g3 O-O 7. Bg2 c6 8. O-O
Re8 9. Qc2 Nf8 10. e4 Bg4 11. Nbd2 Qc8 12. Rfe1 Bh3 13. Bh1 h6 14. Nf1 N6h7 15.
Ne3 Ng5 16. Nxg5 hxg5 17. Qe2 Bd7 18. Rad1 Nh7 19. Bf3 Qc7 20. Rd3 Rad8 21. Red1
Qc8 22. Qd2 g4 23. Bg2 Ng5 24. Qa5 f6 25. Qxa7 Qc7 26. Qa3 Ra8 27. Qb4 Rxa2 28.
Qc3 Kh7 29. Nc2 Raa8 30. Ra1 Rxa1+ 31. Bxa1 Ra8 32. Rd1 Be8 33. Bb2 Bf7 34. Ne3
Qc8 35. Ra1 Rxa1+ 36. Bxa1 f5 37. exf5 gxf5 38. Qc2 Bg6 39. Qe2 Qa8 40. Bc3 Qa3
41. Bd2 Qxb3 42. Nxg4 Qb1+ 43. Bf1 Nh3+ 44. Kg2 fxg4 45. Qxg4 Bf5 46. Qh5+ Kg8
47. Qe8+ Bf8 48. Bh6 Be4+ 49. f3 Bxf3+ 50. Kxh3 Qf5+ 51. Kh4 Qg4# 0-1

[Event "40th World Junior Girls"]
[Site "Gandhinagar IND"]
[Date "2024.06.12"]
[Round "10.16"]
[White "Singgih, Diajeng Theresa"]
[Black "Kurmangaliyeva, Liya"]
[Result "0-1"]
[WhiteTitle "WIM"]
[BlackTitle "FM"]
[WhiteElo "1918"]
[BlackElo "2282"]
[WhiteFideId "7104391"]
[BlackFideId "13725831"]
[EventDate "2024.06.02"]

1. e4 e5 2. Nf3 Nc6 3. Bb5 a6 4. Ba4 Nf6 5. O-O Bc5 6. Bxc6 dxc6 7. Nxe5 Nxe4 8.
Qe2 Qd5 9. Nf3 O-O 10. c4 Qf5 11. d4 Ba7 12. Re1 Nf6 13. Nc3 Be6 14. h3 h6 15.
Be3 Rfe8 16. Rad1 a5 17. Ne5 Nd7 18. g4 Qh7 19. b3 h5 20. f3 f6 21. Nd3 Bf7 22.
Qf2 a4 23. Nxa4 b5 24. Nab2 bxc4 25. bxc4 Bb6 26. a4 Bg6 27. Nf4 Bf7 28. Nxh5
Bxh5 29. gxh5 Qxh5 30. Kh2 Nf8 31. Rg1 Ng6 32. Rg4 Ne7 33. c5 Ba5 34. Rdg1 Nf5
35. Nc4 Re7 36. R1g2 Rae8 37. Bd2 Bxd2 38. Qxd2 Nh4 39. Rxh4 0-1

[Event "40th World Junior Girls"]
[Site "Gandhinagar IND"]
[Date "2024.06.12"]
[Round "10.17"]
[White "Kirtadze, Anastasia"]
[Black "Ishvi, Aggarwal"]
[Result "0-1"]
[WhiteTitle "WFM"]
[BlackTitle "WCM"]
[WhiteElo "2142"]
[BlackElo "1928"]
[WhiteFideId "13622714"]
[BlackFideId "25728890"]
[EventDate "2024.06.02"]

1. e4 e5 2. Nf3 Nc6 3. Bb5 a6 4. Ba4 Nf6 5. O-O Be7 6. Re1 b5 7. Bb3 d6 8. c3
O-O 9. h3 Na5 10. Bc2 c5 11. d4 Nd7 12. Nbd2 exd4 13. cxd4 Nc6 14. d5 Nce5 15.
Nxe5 Nxe5 16. f4 Ng6 17. Nf3 Bh4 18. Re2 Bg3 19. f5 Ne5 20. Qf1 a5 21. Bd2 b4
22. Be1 Nxf3+ 23. Qxf3 Be5 24. Bd3 Bd7 25. g4 g5 26. h4 h6 27. Bg3 Qf6 28. Bxe5
Qxe5 29. hxg5 hxg5 30. f6 Kh7 31. Kg2 Kg6 32. Qg3 Rh8 33. Qxe5 dxe5 34. Rh1 Rxh1
35. Kxh1 Bxg4 36. Rc2 Rc8 37. Kg2 Kxf6 38. Ba6 Rc7 39. Kg3 Bd7 40. Bc4 Kg6 41.
d6 Rc8 42. Bd5 f5 43. exf5+ Bxf5 44. Rc1 a4 45. Bc4 Rd8 46. Rd1 Kf6 47. Rd2 e4
48. Kf2 Be6 49. Bb5 Ke5 50. d7 b3 51. axb3 axb3 52. Ke3 g4 53. Kf2 c4 54. Rd1
Kf4 55. Ba4 e3+ 56. Ke2 c3 57. bxc3 Bc4+ 58. Ke1 b2 59. Bc2 Be6 60. Rd4+ Kf3 61.
Be4+ Kg3 62. Rb4 Rxd7 63. Rxb2 Bc4 64. Rb4 Rc7 65. Rb2 Ra7 66. Rb1 Kf4 67. Bg2
g3 68. Rd1 e2 69. Rb1 Ke3 70. Rc1 Rf7 0-1

[Event "40th World Junior Girls"]
[Site "Gandhinagar IND"]
[Date "2024.06.12"]
[Round "10.18"]
[White "Jesumarian, Rebecca"]
[Black "Grozdanovic, Anastasia"]
[Result "1-0"]
[BlackTitle "WFM"]
[WhiteElo "1866"]
[BlackElo "2108"]
[WhiteFideId "35094831"]
[BlackFideId "979996"]
[EventDate "2024.06.02"]

1. d4 Nf6 2. c4 e6 3. Nf3 d5 4. g3 Ne4 5. a3 Be7 6. Bg2 c6 7. O-O O-O 8. Be3 f5
9. Nfd2 Bd6 10. f3 Nxd2 11. Qxd2 f4 12. Bxf4 Bxf4 13. gxf4 Qh4 14. e3 Rf6 15.
Qf2 Qh5 16. Kh1 Nd7 17. Nc3 Nb6 18. Rg1 Nxc4 19. Bf1 Nd6 20. Rg5 Qf7 21. Bd3 Bd7
22. Rag1 Ne8 23. Qh4 g6 24. Rh5 Qg7 25. Ne2 Rc8 26. Rhg5 Qf8 27. Rh5 Qg7 28. Ng3
Qf7 29. Rh6 Kf8 30. Rxh7 Ng7 31. Qh6 Rc7 32. Nh5 gxh5 33. Rgxg7 Rxh6 34. Rxf7+
Ke8 35. Rxd7 Rxh7 36. Rxh7 Rxh7 37. Bxh7 Kf7 38. f5 1-0

[Event "40th World Junior Girls"]
[Site "Gandhinagar IND"]
[Date "2024.06.12"]
[Round "10.19"]
[White "Barwinska, Ewa"]
[Black "Rejepova, Jahan"]
[Result "1-0"]
[WhiteTitle "WFM"]
[WhiteElo "2106"]
[BlackElo "1816"]
[WhiteFideId "21833761"]
[BlackFideId "14006480"]
[EventDate "2024.06.02"]

1. e4 e6 2. d4 d5 3. Bd3 dxe4 4. Bxe4 Nf6 5. Bf3 c5 6. Ne2 Nc6 7. Be3 cxd4 8.
Nxd4 Ne5 9. O-O Bd6 10. Nb5 Nxf3+ 11. Qxf3 Be5 12. Rd1 Qa5 13. N1c3 a6 14. Bd4
Bxd4 15. Nd6+ Ke7 16. Rxd4 Qc7 17. Nce4 Rb8 18. Qa3 Nxe4 19. Nxe4+ Ke8 20. Nd6+
Kd8 21. Nb5+ Qd7 22. Rxd7+ Bxd7 23. Qd6 Rc8 24. Rd1 1-0

[Event "40th World Junior Girls"]
[Site "Gandhinagar IND"]
[Date "2024.06.12"]
[Round "10.21"]
[White "Saniya Rafique Tadavi"]
[Black "Rzali, Sabina"]
[Result "0-1"]
[BlackTitle "WCM"]
[WhiteElo "1754"]
[BlackElo "2073"]
[WhiteFideId "25912461"]
[BlackFideId "13410920"]
[EventDate "2024.06.02"]

1. e4 e6 2. d4 d5 3. Nc3 Nf6 4. e5 Nfd7 5. f4 c5 6. Nf3 Nc6 7. Be3 a6 8. a3 b5
9. dxc5 Bxc5 10. Bxc5 Nxc5 11. b4 Nd7 12. Bd3 Qb6 13. Qd2 Nd4 14. Nxd4 Qxd4 15.
Rb1 Bb7 16. Ne2 Qb6 17. h4 f6 18. exf6 Nxf6 19. Nd4 O-O 20. c3 Rae8 21. O-O Ne4
22. Bxe4 dxe4 23. Qe3 Qd8 24. f5 exf5 25. Nxf5 Qc7 26. Rf4 Rf6 27. Rbf1 h6 28.
Rg4 Ref8 29. Rgf4 Kh7 30. h5 Bd5 31. Qd4 Bc4 32. R1f2 Bd3 33. g3 Rd8 34. Qe3
Qxc3 35. Ne7 Rxf4 36. Qxf4 Qf6 37. Qxf6 gxf6 38. Rxf6 e3 39. Re6 e2 40. Ng6 Rc8
41. Re7+ Kg8 42. Kf2 Rc1 43. Re8+ Kg7 44. Re7+ Kf6 0-1

[Event "40th World Junior Girls"]
[Site "Gandhinagar IND"]
[Date "2024.06.12"]
[Round "10.22"]
[White "Donghvani, Nia"]
[Black "Gasparyan, Milena"]
[Result "1-0"]
[WhiteElo "2070"]
[BlackElo "1909"]
[WhiteFideId "13614649"]
[BlackFideId "13311670"]
[EventDate "2024.06.02"]

1. Nf3 Nf6 2. g3 d5 3. Bg2 c5 4. O-O Nc6 5. d4 e6 6. c4 dxc4 7. Qa4 Bd7 8. dxc5
Bxc5 9. Qxc4 Qb6 10. Nc3 Na5 11. Qh4 Bc6 12. Na4 Bxa4 13. Qxa4+ Nc6 14. Ne5 Nd5
15. Nxc6 bxc6 16. a3 O-O 17. e3 Rfd8 18. Qc2 a5 19. Bd2 Bd6 20. e4 Ne7 21. Be3
Qc7 22. f4 e5 23. f5 c5 24. f6 Nc6 25. fxg7 Nd4 26. Qd1 Rab8 27. Rf2 c4 28. Qh5
Ne6 29. Raf1 Nxg7 30. Qh6 Bc5 31. Rxf7 Bxe3+ 32. Qxe3 Qxf7 33. Rxf7 Kxf7 34. Bf1
Rxb2 35. Bxc4+ Ne6 36. Bd5 Kg6 37. Qc3 Rb1+ 38. Kg2 Ng5 39. h4 Nf7 40. Bxf7+
Kxf7 41. Qc7+ Ke8 42. Qxe5+ Kd7 43. Qxa5 Rdb8 44. Qf5+ Kd6 45. Qxh7 R8b2+ 46.
Kh3 Rh1+ 47. Kg4 Re2 48. Qg6+ Ke5 49. Qf5+ Kd4 50. Qd5+ Kc3 51. Qc5+ Kd3 52.
Qb5+ Kd2 53. Qb4+ Kd3 54. Qb3+ Kd4 55. Qb6+ Kd3 56. Qd6+ Kc3 57. Qf6+ Kc2 58.
Qc6+ Kd3 59. Qd5+ Kc3 60. Kf5 Rf1+ 61. Ke6 Rf3 62. h5 Rfe3 63. Kf5 Rf2+ 64. Ke5
Rd2 65. Qc5+ Kd3 66. Qb5+ Kc3 67. g4 Rg2 68. Kf4 Ree2 69. h6 Rgf2+ 70. Kg5 1-0

[Event "40th World Junior Girls"]
[Site "Gandhinagar IND"]
[Date "2024.06.12"]
[Round "10.23"]
[White "Shohradova, Lala"]
[Black "Saparya Ghosh"]
[Result "1-0"]
[WhiteTitle "WFM"]
[WhiteElo "2000"]
[BlackElo "1833"]
[WhiteFideId "14004089"]
[BlackFideId "25771280"]
[EventDate "2024.06.02"]

1. d4 Nf6 2. c4 e6 3. Nc3 Bb4 4. Bg5 d5 5. e3 h6 6. Bxf6 Qxf6 7. Nf3 O-O 8. Qb3
c5 9. cxd5 exd5 10. a3 Bxc3+ 11. Qxc3 cxd4 12. Qxd4 Nc6 13. Qxf6 gxf6 14. Bb5
Ne5 15. Rc1 Be6 16. Nd4 Rfc8 17. Ke2 a6 18. Bd3 Kf8 19. b3 Ke7 20. f4 Nc6 21.
Nxc6+ bxc6 22. Rc5 Kd6 23. Rhc1 a5 24. R1c3 Bd7 25. Kf3 h5 26. Rc2 Rcb8 27. R5c3
Rb6 28. Rd2 Rab8 29. Bc2 f5 30. Kg3 Rg8+ 31. Kh3 Be6 32. Bd1 f6 33. Rdc2 Bd7 34.
Rc1 Re8 35. Kh4 Rbb8 36. h3 Rg8 37. R1c2 Be8 38. Bxh5 Bxh5 39. Rxc6+ Ke7 40.
Rc7+ Kf8 41. Kxh5 Rg3 42. Ra7 Rd8 43. Rxa5 Rxe3 44. Kg6 d4 45. Kxf6 d3 46. Rd2
Re2 47. Rd1 d2 48. Re5 Rxg2 49. h4 Rd6+ 50. Re6 Rd3 51. b4 Kg8 52. Kxf5 Rxa3 53.
Rg6+ Rxg6 54. Kxg6 Ra6+ 55. Kg5 Rd6 56. b5 Kg7 57. f5 Kf7 58. b6 Rd3 59. b7 Rg3+
60. Kf4 Rb3 61. Rxd2 Rxb7 62. Kg5 Kg7 63. h5 Kh7 64. h6 Ra7 65. Rd5 Ra2 66. Rd7+
Kh8 67. f6 Rg2+ 68. Kf5 Rf2+ 69. Kg6 Rg2+ 70. Kf7 Re2 71. Kf8 Rf2 72. f7 Kh7 73.
Ke8 Re2+ 74. Re7 1-0

[Event "40th World Junior Girls"]
[Site "Gandhinagar IND"]
[Date "2024.06.12"]
[Round "10.24"]
[White "Kashthuri, Bhai R"]
[Black "Cassi, Elisa"]
[Result "1-0"]
[BlackTitle "WFM"]
[WhiteElo "1765"]
[BlackElo "2028"]
[WhiteFideId "25611607"]
[BlackFideId "2817220"]
[EventDate "2024.06.02"]

1. e4 e5 2. Nf3 Nc6 3. Bc4 Bc5 4. d3 Nf6 5. c3 d6 6. O-O a5 7. h3 h6 8. a4 O-O
9. Be3 Bxe3 10. fxe3 Ne7 11. Nbd2 Ng6 12. Qc2 c6 13. Rf2 d5 14. exd5 cxd5 15.
Bb5 Bd7 16. Bxd7 Nxd7 17. d4 e4 18. Nh2 Qg5 19. Re1 Ra6 20. Qd1 h5 21. c4 Rf6
22. Rxf6 Nxf6 23. cxd5 Nh4 24. Qe2 Rc8 25. Qf2 Nf5 26. Nhf1 h4 27. b3 Nd6 28.
Rb1 Nxd5 29. Nc4 Nf5 30. Re1 Nb4 31. Rd1 Rc6 32. Qe2 Nd5 33. Qg4 Qxg4 34. hxg4
Nd6 35. Nfd2 Nxc4 36. Nxc4 b6 37. Rf1 Re6 38. Rf5 Nf6 39. g5 Nd7 40. Rd5 Re7 41.
Rd6 Kf8 42. Nxb6 Nxb6 43. Rxb6 Rc7 44. Rb8+ Ke7 45. Rb5 f6 46. g6 Rc3 47. Rxa5
Rxe3 48. Ra7+ Ke6 49. Rxg7 Rxb3 50. Rh7 f5 51. g7 Rg3 52. a5 h3 53. a6 e3 54.
Rxh3 Rxg7 55. Rxe3+ Kd6 56. Re5 Rg3 57. Ra5 Rg8 58. Rxf5 Ra8 59. Ra5 Ra7 60. Kf2
Ke6 61. Ke3 Kd6 62. g4 Kc6 63. g5 Kb6 64. Ra1 Re7+ 1-0

[Event "40th World Junior Girls"]
[Site "Gandhinagar IND"]
[Date "2024.06.12"]
[Round "10.25"]
[White "Kanishka S"]
[Black "Sherali Pattnaik"]
[Result "1-0"]
[WhiteElo "1882"]
[BlackElo "1955"]
[WhiteFideId "25731564"]
[BlackFideId "25789449"]
[EventDate "2024.06.02"]

1. b3 d5 2. Bb2 Bf5 3. Nf3 Nd7 4. g3 Ngf6 5. Bg2 e6 6. d3 Bd6 7. Nbd2 h6 8. O-O
O-O 9. Qe1 e5 10. e4 dxe4 11. dxe4 Bh7 12. Qe2 Qe7 13. a3 c6 14. Rfd1 Bc7 15.
Ne1 Rad8 16. a4 Nc5 17. Ba3 Nfd7 18. Bh3 f5 19. exf5 Bxf5 20. Bxf5 Rxf5 21. Ne4
b6 22. Nd3 Qf7 23. Ndxc5 bxc5 24. Nxc5 Bb6 25. Ne4 Rb8 26. a5 Bc7 27. Bd6 Nf6
28. Bc5 a6 29. Nxf6+ Qxf6 30. Qxa6 Rb5 31. Be3 e4 32. Qc8+ Kh7 33. Qxc7 Rfd5 34.
Qf4 Rf5 35. Qxe4 Re5 36. Qg2 Rxa5 37. Rxa5 Rxa5 38. Qe4+ Kg8 39. Bb6 Re5 40.
Qc4+ Kh7 41. Bd4 Qf3 42. Qd3+ Qxd3 43. Rxd3 Rd5 44. Be3 Ra5 45. Rd6 h5 46. h4 c5
47. Rc6 Ra2 48. Rxc5 Kg6 49. b4 Kf6 50. b5 Ke6 51. c4 g5 52. Rxg5 Kd6 53. Bf4+
Kd7 54. b6 Kc6 55. c5 Rb2 56. Be3 Kb7 57. Rg7+ Ka8 58. c6 Kb8 59. Rg8# 1-0

[Event "40th World Junior Girls"]
[Site "Gandhinagar IND"]
[Date "2024.06.12"]
[Round "10.26"]
[White "Bhagyashree, Patil"]
[Black "Chinnam, Vyshnavi"]
[Result "1-0"]
[WhiteTitle "WFM"]
[BlackTitle "WCM"]
[WhiteElo "1929"]
[BlackElo "1830"]
[WhiteFideId "25053256"]
[BlackFideId "35061690"]
[EventDate "2024.06.02"]

1. d4 d5 2. Nf3 Nf6 3. e3 e6 4. Bd3 c5 5. c3 Nc6 6. Nbd2 Bd6 7. O-O O-O 8. Re1
e5 9. dxe5 Nxe5 10. Nxe5 Bxe5 11. h3 b6 12. e4 Bb7 13. exd5 Qxd5 14. Nf3 Bc7 15.
Bg5 Qd6 16. Bb5 Ne4 17. Qxd6 Bxd6 18. Bh4 h6 19. Rad1 g5 20. Bd3 Nf6 21. Bg3
Bxg3 22. fxg3 Rfe8 23. Rf1 Kg7 24. Bb5 Re7 25. h4 g4 26. Nh2 a6 27. Bd3 h5 28.
Rf5 Rd8 29. Rdf1 Rxd3 30. Rg5+ Kf8 31. Rxf6 Rxg3 32. Rf2 Rge3 33. Nf1 R3e5 34.
Rxe5 Rxe5 35. Ng3 Kg7 36. c4 Kg6 37. Rd2 Re6 38. Rd8 Bc6 39. Kf2 Rf6+ 40. Kg1
Re6 41. Kf2 Rf6+ 42. Kg1 Re6 43. b3 f6 44. Kf2 Be8 45. Ne2 Kf7 46. Nf4 Re5 47.
Rd6 b5 48. Rxa6 bxc4 49. bxc4 Re4 50. Nxh5 Kg6 51. Ng3 Rxc4 52. Ke3 Bb5 53. Rb6
Rc3+ 54. Kf4 Rc4+ 55. Ne4 Bd7 56. Rxf6+ Kh5 57. g3 Ra4 58. Rd6 Bc8 59. Ke5 Rxa2
60. Rd8 Bb7 61. Kf6 Ra8 62. Rxa8 Bxa8 63. Nxc5 Bf3 64. Kg7 Bd5 65. Nd7 Be6 66.
Nf6# 1-0

[Event "40th World Junior Girls"]
[Site "Gandhinagar IND"]
[Date "2024.06.12"]
[Round "10.27"]
[White "Khairmode Dhanashree"]
[Black "Sasvatha A"]
[Result "0-1"]
[BlackTitle "WCM"]
[WhiteElo "1929"]
[BlackElo "1825"]
[WhiteFideId "25762184"]
[BlackFideId "45010862"]
[EventDate "2024.06.02"]

1. e4 c5 2. Nf3 d6 3. Bb5+ Nd7 4. Ba4 a6 5. c4 e5 6. O-O Nf6 7. Nc3 Be7 8. d3
O-O 9. a3 Nb8 10. h3 h6 11. Be3 Be6 12. b4 Nfd7 13. bxc5 dxc5 14. Rb1 Qc7 15.
Ne1 Bf6 16. Nd5 Bxd5 17. exd5 b5 18. Bc2 Re8 19. Qg4 Kf8 20. Nf3 Be7 21. Nh4
Bxh4 22. Qxh4 Qd6 23. a4 b4 24. f4 Kg8 25. Rbe1 a5 26. Qg3 Na6 27. Bd1 e4 28. d4
f5 29. Qf2 Rac8 30. g4 cxd4 31. Bxd4 Rxc4 32. Qb2 Re7 33. Be2 Rc8 34. Rc1 Rxc1
35. Qxc1 Nac5 36. gxf5 Kh7 37. Bh5 Qxd5 38. Bg6+ Kg8 39. Rd1 Nb3 40. Qc8+ Nf8
41. Qxf8+ Kxf8 42. Bxg7+ Kxg7 43. Rxd5 e3 44. Kf1 Nd2+ 45. Ke2 Ne4 46. Kxe3 Nc3+
47. Re5 Rxe5+ 48. fxe5 b3 49. e6 Kf6 50. Kd2 Nxa4 51. h4 Nc5 52. Kc3 a4 53. Kb2
Nd3+ 54. Ka3 b2 55. Ka2 a3 56. e7 Nc1+ 57. Kb1 Kxe7 58. f6+ Kxf6 59. Bc2 Ne2 60.
Ka2 Nc3+ 61. Kxa3 b1=Q 62. Bxb1 Nxb1+ 63. Kb2 Nd2 64. Kc2 Nf3 65. Kd1 Nxh4 66.
Ke2 Kg5 67. Kf1 Nf5 68. Kg2 Kg4 69. Kh1 Kg3 70. Kg1 Ne3 71. Kh1 Ng4 72. Kg1 h5 0-1

[Event "40th World Junior Girls"]
[Site "Gandhinagar IND"]
[Date "2024.06.12"]
[Round "10.28"]
[White "Brito Carrascal, Isabela"]
[Black "Dakshita Kumawat"]
[Result "0-1"]
[WhiteElo "1810"]
[BlackElo "1928"]
[WhiteFideId "4456122"]
[BlackFideId "25944304"]
[EventDate "2024.06.02"]

1. e4 e6 2. d4 d5 3. Nd2 c5 4. exd5 Qxd5 5. Ngf3 cxd4 6. Bc4 Qd6 7. O-O Nf6 8.
Nb3 Nc6 9. Nbxd4 Nxd4 10. Nxd4 a6 11. a4 Be7 12. c3 Qc7 13. Bd3 O-O 14. Qe2 Bd6
15. h3 Re8 16. Bg5 Nd5 17. Qe4 g6 18. f4 f5 19. Qf3 Kg7 20. Nxf5+ gxf5 21. Qg3
Qf7 22. Be7+ Kh8 23. Bxd6 h6 24. Be5+ Kh7 25. Bc4 Rg8 26. Qf3 Nb6 27. Bb3 Nd7
28. Rf2 Nxe5 29. fxe5 Bd7 30. Bc2 Rab8 31. Qf4 Qg7 32. Bd1 Bc6 33. Bf3 Bxf3 34.
Qxf3 Qxe5 35. Re2 Qd6 36. Rae1 Rg6 37. Kh1 b5 38. axb5 Rxb5 39. b4 Rd5 40. c4
Rd3 41. c5 Qd4 42. Qb7+ Rg7 43. Qxa6 Qc3 44. Qc6 e5 45. Rg1 Qd4 46. Rge1 Qh4 47.
Rg1 Qg5 48. Rf1 Qh5 49. Rf3 e4 50. Rxd3 Qxe2 51. Rg3 Qe1+ 0-1

[Event "40th World Junior Girls"]
[Site "Gandhinagar IND"]
[Date "2024.06.12"]
[Round "10.29"]
[White "Mrittika Mallick"]
[Black "Yashvi Jain"]
[Result "0-1"]
[WhiteElo "2076"]
[BlackElo "1729"]
[WhiteFideId "25902997"]
[BlackFideId "25984446"]
[EventDate "2024.06.02"]

1. e4 e5 2. Nf3 Nc6 3. Bc4 Bc5 4. d3 Nf6 5. O-O a6 6. a4 O-O 7. Bg5 h6 8. Bh4 g5
9. Bg3 d6 10. Re1 Bg4 11. c3 Kg7 12. Nbd2 Nh7 13. b4 Ba7 14. Qb3 Qf6 15. Bd5 h5
16. h4 Qh6 17. Qb2 Be6 18. hxg5 Nxg5 19. Nh4 Kh7 20. b5 Bxd5 21. exd5 Ne7 22. d4
f6 23. f4 Nf7 24. Kh1 Qg7 25. Qb1+ Kh8 26. Nf1 Rg8 27. Qe4 Qh6 28. dxe5 fxe5 29.
fxe5 Rg4 30. Qe2 dxe5 31. Bxe5+ Kg8 32. Bh2 Bc5 33. g3 Nxd5 34. Nf5 Qf6 35. Qf3
Rd8 36. c4 Nb4 37. Kg2 Ng5 38. Qe2 Qxf5 39. Rad1 Rf8 40. Ne3 Qe4+ 41. Kg1 Nh3# 0-1

[Event "40th World Junior Girls"]
[Site "Gandhinagar IND"]
[Date "2024.06.12"]
[Round "10.30"]
[White "Padmini S"]
[Black "Arya G Mallar"]
[Result "1-0"]
[WhiteElo "1872"]
[BlackElo "1725"]
[WhiteFideId "25782738"]
[BlackFideId "25115324"]
[EventDate "2024.06.02"]

1. e4 c6 2. d4 d5 3. exd5 cxd5 4. Bd3 Nc6 5. c3 Nf6 6. Bf4 g6 7. Nd2 Bg7 8. h3
O-O 9. Ngf3 Bf5 10. Bxf5 gxf5 11. Ne5 Nxe5 12. Bxe5 e6 13. Qf3 b5 14. g4 Ne4 15.
Bxg7 Nxd2 16. Kxd2 Kxg7 17. gxf5 Qg5+ 18. Kd3 Qxf5+ 19. Qxf5 exf5 20. Rae1 Rae8
21. Re5 Rxe5 22. dxe5 Re8 23. Rg1+ Kf8 24. Kd4 Ke7 25. Rg5 Ke6 26. Rh5 Rg8 27.
Rxh7 Rg2 28. Rh6+ Ke7 29. Ke3 Rg1 30. Ra6 Rb1 31. Rxa7+ Ke6 32. Ra6+ Ke7 33. Rd6
Rxb2 34. Rxd5 Rxa2 35. Rxb5 Rc2 36. Rc5 Ke6 37. f3 Rh2 38. Kf4 Rxh3 39. Rc6+ 1-0

[Event "40th World Junior Girls"]
[Site "Gandhinagar IND"]
[Date "2024.06.12"]
[Round "10.31"]
[White "Kirthika, B"]
[Black "Gade Sharanya"]
[Result "1-0"]
[WhiteElo "1724"]
[BlackElo "1849"]
[WhiteFideId "25981323"]
[BlackFideId "25925253"]
[EventDate "2024.06.02"]

1. e4 c5 2. Nf3 g6 3. d4 cxd4 4. Nxd4 Nf6 5. Nc3 Nc6 6. Be3 Bg7 7. f3 O-O 8. Bc4
Qb6 9. Bb3 Nxe4 10. Nd5 Qa5+ 11. c3 Nf6 12. Nxc6 dxc6 13. Nxe7+ Kh8 14. Nxc8
Raxc8 15. O-O c5 16. Bc2 Rfe8 17. Qd2 Rcd8 18. Qf2 Qb5 19. Rad1 Rxd1 20. Rxd1 b6
21. Bb1 Kg8 22. Qd2 Qc6 23. Qd3 b5 24. Bf2 Bf8 25. a3 a5 26. Qd2 Kg7 27. Be3 c4
28. Bh6+ Kg8 29. Be3 Bc5 30. Bxc5 Qxc5+ 31. Qf2 Qc6 32. Qd4 Kg7 33. Kf1 Qe6 34.
Be4 Kg8 35. Qd6 Nxe4 36. Qxe6 Rxe6 37. fxe4 Rxe4 38. Rd5 Rf4+ 39. Ke2 Rf5 40.
Rxf5 gxf5 41. a4 bxa4 42. Ke3 Kg7 43. Kd4 Kf6 44. Kxc4 Ke5 45. Kb5 h5 46. c4 1-0

[Event "40th World Junior Girls"]
[Site "Gandhinagar IND"]
[Date "2024.06.12"]
[Round "10.32"]
[White "Shivamshika G"]
[Black "Jain Ashita"]
[Result "0-1"]
[WhiteElo "1846"]
[BlackElo "1744"]
[WhiteFideId "33384959"]
[BlackFideId "25181971"]
[EventDate "2024.06.02"]

1. d4 d5 2. c4 e6 3. Nf3 Nf6 4. Nc3 Be7 5. Bf4 O-O 6. e3 Nbd7 7. c5 c6 8. h3 Ne4
9. Rc1 a5 10. a3 b6 11. b4 axb4 12. axb4 bxc5 13. dxc5 Nxc3 14. Rxc3 Bf6 15. Rc1
Bb2 16. Bd6 Bxc1 17. Qxc1 Re8 18. Nd4 Bb7 19. Bd3 e5 20. Nb3 e4 21. Bb1 Ba6 22.
Nd4 Qc8 23. f4 exf3 24. gxf3 Ne5 25. Qc3 Qd8 26. f4 Qh4+ 27. Kd1 Qh5+ 28. Kc1
Nd3+ 29. Bxd3 Bxd3 30. Rg1 g6 31. Nxc6 Qxh3 32. Re1 Qg2 33. Nd4 Re4 34. Qb2 Qg3
35. Kd1 Rxe3 36. Rxe3 Qxe3 37. Be5 0-1

[Event "40th World Junior Girls"]
[Site "Gandhinagar IND"]
[Date "2024.06.12"]
[Round "10.33"]
[White "Zarkym, Ailin"]
[Black "Koksa, Jelena"]
[Result "1-0"]
[WhiteElo "1721"]
[BlackElo "1842"]
[WhiteFideId "13753207"]
[BlackFideId "14544776"]
[EventDate "2024.06.02"]

1. e4 e5 2. Nf3 Nc6 3. Bc4 Bc5 4. b4 Bxb4 5. c3 Ba5 6. d4 Qe7 7. O-O Bb6 8. a4
a6 9. a5 Ba7 10. Qb3 Nh6 11. Bxh6 gxh6 12. dxe5 Rf8 13. Nbd2 Qc5 14. Qa4 Nxe5
15. Nxe5 Qxe5 16. Nf3 Qh5 17. Kh1 Kd8 18. Rad1 f6 19. Rd5 Qe8 20. e5 c6 21. Rd6
fxe5 22. Bd3 Rf4 23. Be4 Bb8 24. Rxh6 d5 25. Rd1 Bd7 26. Qb3 Kc8 27. Rb1 Ra7 28.
Bd3 Bc7 29. Be2 Qf8 30. Rxh7 e4 31. Nd4 Rf7 32. Rh5 Rxf2 33. Qd1 Rf6 34. Bg4
Bxg4 35. Qxg4+ Kb8 36. Kg1 Bd8 37. Qd7 Qd6 38. Nxc6+ Qxc6 39. Qxd8+ Qc8 40. Qxf6 1-0

[Event "40th World Junior Girls"]
[Site "Gandhinagar IND"]
[Date "2024.06.12"]
[Round "10.34"]
[White "Akshaya Sathi"]
[Black "Asmita Avijit Ray"]
[Result "1-0"]
[WhiteElo "1833"]
[BlackElo "1692"]
[WhiteFideId "25130340"]
[BlackFideId "25786911"]
[EventDate "2024.06.02"]

1. e4 c6 2. d4 d5 3. exd5 cxd5 4. c4 Nf6 5. Nc3 e6 6. Nf3 Bb4 7. cxd5 Nxd5 8.
Qc2 Nc6 9. Bd3 h6 10. O-O Be7 11. a3 O-O 12. Rd1 Bf6 13. Bh7+ Kh8 14. Be4 a6 15.
Qe2 Qd6 16. Bc2 Be7 17. Ne5 Nf6 18. Bf4 Qd8 19. Qe3 g5 20. Nxc6 bxc6 21. Be5 Kg7
22. Qe4 Rh8 23. Qxc6 Bd7 24. Qf3 Rc8 25. Be4 Qb6 26. Bb7 Rc4 27. Ne4 Qd8 28. d5
exd5 29. Rxd5 Qb6 30. Nxf6 Bxf6 31. Rd6 Qc5 32. Qxf6+ 1-0

[Event "40th World Junior Girls"]
[Site "Gandhinagar IND"]
[Date "2024.06.12"]
[Round "10.35"]
[White "Aditri Shome"]
[Black "Anushka Gupta"]
[Result "1/2-1/2"]
[WhiteElo "1620"]
[BlackElo "1766"]
[WhiteFideId "25164198"]
[BlackFideId "25660802"]
[EventDate "2024.06.02"]

1. d4 Nf6 2. c4 e6 3. Nc3 Bb4 4. e3 c5 5. Bd3 Nc6 6. Nf3 Bxc3+ 7. bxc3 d6 8. e4
e5 9. d5 Ne7 10. Nd2 O-O 11. Nf1 a6 12. Ng3 Ne8 13. O-O f5 14. exf5 Nxf5 15. Ne4
h6 16. Bd2 Bd7 17. Qb3 Rb8 18. a4 g5 19. Qd1 Qe7 20. Qh5 Neg7 21. Qe2 Nh4 22.
Ng3 Qf7 23. Ne4 Qe7 24. Ng3 Rf7 25. Qe4 Ne8 26. Qe2 Ng7 27. Qe4 Ne8 28. Qe2 Ng7
29. Qe4 Ne8 30. Qe2 Ng7 1/2-1/2